000 00283nam a22001337a 4500
008 210520b ||||| |||| 00| 0 eng d
041 _aeng
080 _a94
082 _a94
100 _a16
101 _aSHH
245 _aA concise History USSR
_cDmytryshyn,B
942 _2udc
_cBK
999 _c57547
_d57547